International journal of social & policy issues (Record no. 38291)

MARC details
000 -LEADER
fixed length control field 00485nam a2200157Ia 4500
022 ## - INTERNATIONAL STANDARD SERIAL NUMBER
ISSN 11167238
050 ## - CALL MARK
Classification number HN 831 .A4/
245 #0 - TITLE STATEMENT
Title International journal of social & policy issues
260 ## - PUBLICATION, DISTRIBUTION, ETC. (IMPRINT)
Name of publisher Development Universal Consortia
260 ## - PUBLICATION, DISTRIBUTION, ETC. (IMPRINT)
Year of publication 2011
300 ## - PHYSICAL DESCRIPTION
Number of Pages v. : ill., maps ; 25 cm.
650 ## - SUBJECT ADDED ENTRY--TOPICAL TERM
Topical Term Nigeria--Social conditions--Periodicals. Nigeria--Economic conditions--Periodicals.
942 ## - ADDED ENTRY ELEMENTS (KOHA)
Koha item type Serials

No items available.